000 00365nam a22001217a 4500
040 _cSY
082 _a234
100 _aហ៊ីង ធីតា
245 _aNon-farm activities development, ការអភិវឌ្ឍន៍សកម្មភាពមិនមែនកសិកម្ម
260 _aRUA
_bហ៊ីង
_c2008
300 _a26p.
942 _cKB
999 _c10091
_d10091